000
00306nam a22001337a 4500
008
181011b xxu||||| |||| 00| 0 eng d
020
_a
9780077861896
041
_a
eng
080
_2
12th
_a
371
100
_a
25
101
_a
EDU
245
_a
Methods in Behavioral Research
_c
Cozby,P.C
942
_2
udc
_c
BK
999
_c
49334
_d
49334